[Event "Paris-ch op-A"]
[Site "Paris"]
[Date "2010.07.08"]
[Round "6"]
[White "Comes, Didier"]
[Black "Laine, Fabien"]
[Result "1-0"]
[WhiteElo "1882"]
[BlackElo "1824"]
[PlyCount "39"]
[EventDate "2010.07.03"]
[EventType "swiss"]
[EventRounds "9"]
[EventCountry "FRA"]
[SourceTitle "CBM 137 Extra"]
[Source "ChessBase"]
[SourceDate "2010.09.01"]
[SourceVersion "1"]
[SourceVersionDate "2010.09.01"]
[SourceQuality "1"]

1. e4 e6 2. d4 d5 3. Nc3 dxe4 4. Nxe4 Nd7 5. Nf3 Ngf6 6. Bg5 Be7 7. Nxf6+ Nxf6 8. Bd3 c5 9. Qe2 cxd4 10. 0-0-0 a6 11. h4 b5 12. g4 Bb7 13. Bxf6 Bxf6 14. g5 Be7 15. Rhe1 0-0 16. Nxd4 Qb6 17. Nxe6 fxe6 18. Bxh7+ Kxh7 19. Qh5+ Kg8 20. g6 1-0

[Event "Paris-ch op-A"]
[Site "Paris"]
[Date "2010.07.03"]
[Round "1"]
[White "Laine, Fabien"]
[Black "Tran, Philippe"]
[Result "1/2-1/2"]
[WhiteElo "1824"]
[BlackElo "2005"]
[PlyCount "49"]
[EventDate "2010.07.03"]
[EventType "swiss"]
[EventRounds "9"]
[EventCountry "FRA"]
[SourceTitle "CBM 137 Extra"]
[Source "ChessBase"]
[SourceDate "2010.09.01"]
[SourceVersion "1"]
[SourceVersionDate "2010.09.01"]
[SourceQuality "1"]

1. c4 e5 2. Nc3 Nf6 3. Nf3 Nc6 4. g3 d5 5. cxd5 Nxd5 6. Bg2 Nb6 7. 0-0 Be7 8. a3 Be6 9. b4 a6 10. d3 0-0 11. Bb2 f6 12. Rc1 Qd7 13. Re1 Kh8 14. Nd2 f5 15. Nb3 Nd4 16. Nc5 Bxc5 17. bxc5 Nd5 18. e3 Nc6 19. Ne2 Rad8 20. Qa4 Qf7 21. d4 Nxe3 22. Bxc6 Nc4 23. Bxb7 Nxb2 24. Qc2 Nc4 25. Bxa6 1/2-1/2